000
00252nam a2200109Ia 4500
008
151213s9999 xx 000 0 und d
245
_a
Test it Eixi
300
_a
3599 p.
650
_a
English Literature
650
_a
English Literature
999
_c
2400
_d
2400